| 000 | nam a22 a 4500 | ||
|---|---|---|---|
| 999 |
_c59535 _d59535 |
||
| 003 | BLK | ||
| 005 | 20230301173853.0 | ||
| 008 | 180408b bul|||||r ||||||| ||bul|| | ||
| 010 | _aKNG00063642000 | ||
| 040 | _aBLK | ||
| 041 |
_aLAT _cDRU _hBUL |
||
| 080 |
_aЛатински език _b811.124 _x-56(075.8) _z811.124-56(075.8) |
||
| 100 | 1 |
_aГеоргиева, Недялка Спасова _eпърви автор _9249864 |
|
| 139 |
_aГеоргиева, Недялка Спасова _bГ 37 |
||
| 245 | 1 | 0 |
_aЛатински синтаксис _cНедялка Спасова Георгиева. |
| 257 | _aBGR | ||
| 260 |
_aСофия _bУнив. изд. Св. Климент Охридски _c1992 |
||
| 300 |
_a232 с. _c21 см |
||
| 380 | _a80 | ||
| 500 | _aБиблиогр. с. 221-223 ; Списък на цитираните авт. и произведения | ||
| 650 | 4 |
_aЛатински език - синтаксис _9289073 |
|
| 653 | _aлатински език | ||
| 653 | _aсинтаксис | ||
| 852 | _aЦб 169547 | ||
| 856 | 4 |
_qpdf _i0.00 _ldisable |
|
| 856 | 4 |
_qpdf _i0.00 _ldisable |
|
| 942 |
_cKNG _n0 _03 _s1 |
||
| 944 |
_aCR _c13.06.2004 _kЧиталня |
||
| 944 |
_aED _c11.08.2015 _kГеновева_Генчева |
||
| 999 | _d59535 | ||